[Event "V. Korchnoy Memorial 2018"]
[Site "St. Petersburg"]
[Date "2018.08.16"]
[Round "2"]
[White "Khakimov, Timur"]
[Black "Mchedlishvili, Mikheil"]
[Result "0-1"]
[WhiteElo "2284"]
[BlackElo "2608"]
[Annotator "TA"]
[PlyCount "94"]
[EventDate "2018.08.15"]
[EventType "swiss"]
[EventCountry "RUS"]
[SourceTitle "playchess.com"]
[Source "ChessBase"]
[SourceQuality "1"]

{[%evp 17,94,-2,34,15,37,34,37,27,20,0,0,24,104,47,47,0,75,46,45,47,51,39,62,47,74,14,57,53,52,58,55,66,63,0,30,0,2,-33,-15,-24,-22,-22,-32,-55,-30,-72,-46,-98,-36,-33,0,0,4,-49,-49,-49,-49,-49,-49,-49,-48,-48,-48,-48,-48,-43,-43,-43,-43,-81,-19,-135,-135,-127,0,0,0,-145,-125]} 1. e4 c5 2. Nf3 e6 3. Nc3 Nc6 4. d4 cxd4 5. Nxd4 Qc7 6. g3 a6 7. Bg2 h5 8. O-O {B47: Sicilian: Taimanov: 5 Nc3 Qc7 6 f4, 6 g3 and 6 Be2} h4 9. Nxc6 bxc6 {LiveBook: 4 Games} (9... dxc6 {looks sharper.} 10. Be3 Nf6 11. Na4 Nd7 12. b3 Ba3) 10. Re1 {White is slightly better.} hxg3 11. hxg3 e5 12. Be3 $146 ({Predecessor:} 12. Na4 Nf6 13. c4 c5 14. Nc3 Be7 15. Bg5 Bb7 {1-0 (52) Popov,I (2618)-Chigaev,M (2559) Sochi 2017}) 12... Nf6 13. Na4 Rb8 14. c4 c5 (14... d6 $11) 15. Bg5 (15. f3 $16) 15... Nh7 16. Be3 (16. Bc1 {feels hotter.} Be7 17. Nc3 Nf6 18. b3 d6 19. Bg5) 16... d6 (16... Nf6 $11 {keeps the balance.}) 17. Qd2 Be6 18. b3 Be7 19. Nc3 Nf6 20. Bg5 Ng4 21. Rad1 (21. Bxe7 $16 Kxe7 22. f3) 21... Bxg5 (21... f6 $5 {[%cal Rf6g5]} 22. Be3 Kf7 $11) 22. Qxg5 f6 23. Qd2 Rd8 24. f3 Nh6 $1 25. Nd5 ({White should play} 25. Kf2 $14) 25... Qb7 (25... Bxd5 $5 26. Qxd5 Ng8 $11) 26. Kf2 Bxd5 27. exd5 f5 28. Rh1 Qe7 29. Rh5 O-O 30. Rdh1 Rf6 31. Qg5 {[#]} Re8 $1 32. Kg1 (32. Ke2 $15) 32... Kf7 ({Better is} 32... e4 $17 {Strongly threatening ...e3.} 33. fxe4 fxe4) 33. R1h4 Qf8 34. Qd2 Rg6 35. Rg5 (35. g4 $11 fxg4 36. fxg4 Rxg4 37. Rxh6 Rxg2+ 38. Kxg2 gxh6 39. Qxh6 (39. Rxh6 Qg7+ 40. Kh1 Rf8 $11)) 35... Qe7 $15 36. Rxg6 Kxg6 37. Bf1 Qg5 38. Qxg5+ Kxg5 {[%mdl 4096] Endgame KRB-KRN} 39. Bd3 a5 40. Bc2 Nf7 41. Kf2 Rh8 42. Rxh8 Nxh8 {KB-KN} 43. Ke3 Ng6 ({Black should try} 43... f4+ $17 44. gxf4+ exf4+ 45. Ke4 Ng6) 44. a3 {[#]} (44. Ke2 $11) 44... Nf8 $1 $17 45. Bd1 f4+ (45... Nd7 $17) 46. gxf4+ $11 exf4+ 47. Kf2 (47. Kd2 $11) 47... Nd7 {Precision: White = 31%, Black = 53%.} 0-1

[Event "V. Korchnoy Memorial 2018"]
[Site "St. Petersburg"]
[Date "2018.08.16"]
[Round "2"]
[White "Ioffe, Ilya"]
[Black "Aleksandrov, Aleksej"]
[Result "1/2-1/2"]
[WhiteElo "2267"]
[BlackElo "2585"]
[Annotator "TA"]
[PlyCount "96"]
[EventDate "2018.08.15"]
[EventType "swiss"]
[EventCountry "RUS"]
[SourceTitle "playchess.com"]
[Source "ChessBase"]
[SourceQuality "1"]

{[%evp 21,96,14,18,0,6,3,2,0,0,2,0,7,1,0,0,10,22,14,24,3,20,25,25,41,60,33,36,25,46,36,73,79,53,52,49,0,111,37,33,35,41,28,27,25,27,27,24,14,14,10,8,8,16,15,29,6,7,7,5,1,1,3,10,0,0,0,0,0,0,0,0,0,0,0,0,0,0]} 1. e4 e5 2. Nf3 Nc6 3. Bc4 Bc5 4. O-O Nf6 5. d3 d6 6. c3 h6 7. Nbd2 {[%cal Bb1d2,Bd2f1,Bf1g3][%mdl 32]} a5 {C54: Giuoco Piano: 4 c3 Nf6, main lines with 5 d4 and 5 d3} 8. Re1 O-O 9. h3 (9. Nf1 Bb6 10. Be3 Bxe3 11. Nxe3 Be6 12. Bb5 Ne7 13. Ba4 Ng6 14. Bc2 Re8 15. d4 {1-0 (54) Vachier Lagrave,M (2789)-Caruana,F (2816) Paris 2018}) 9... Be6 10. a4 Re8 11. Bb5 Bd7 {LiveBook: 7 Games} 12. Nf1 Ne7 13. Bxd7 (13. d4 {with more complications.} exd4 14. cxd4 Bb4 15. Bd2 Nc6 16. Ng3) 13... Qxd7 14. Ng3 Ng6 15. d4 Bb6 16. Be3 $146 exd4 17. Bxd4 Bxd4 18. cxd4 Ra6 {[%cal Ba8a6,Ba6b6,Bb6b4][%mdl 32]} 19. Rc1 Rb6 20. b3 Rb4 21. Rc4 b5 22. Rxb4 axb4 23. axb5 Qxb5 24. Qc2 Qd7 25. d5 Qd8 26. Qd2 Qb8 27. Nd4 Qb6 28. Nc6 Nd7 (28... h5 $1 $11) 29. Qxb4 (29. Kh2 $16) 29... Qxb4 $14 30. Nxb4 Nc5 31. Nc6 Nxb3 32. Rb1 Nc5 33. f3 Ra8 34. Rb8+ Rxb8 35. Nxb8 $11 {[%mdl 4096] Endgame KNN-KNN} Ne7 36. Kf2 Kf8 37. Ke3 Ke8 38. Ne2 f5 {The position is equal.} 39. Nd4 g6 40. g3 fxe4 41. fxe4 Kd8 42. h4 Kc8 43. Nbc6 Nxc6 44. Nxc6 {Black must now prevent Ne7+.} Kd7 45. g4 Ke8 46. e5 Nd7 47. exd6 cxd6 48. g5 hxg5 {Precision: White = 59%, Black = 65%.} 1/2-1/2

[Event "V. Korchnoy Memorial 2018"]
[Site "St. Petersburg"]
[Date "2018.08.16"]
[Round "2"]
[White "Aleksandrov, Danila"]
[Black "Stupak, Kirill"]
[Result "0-1"]
[WhiteElo "2247"]
[BlackElo "2573"]
[Annotator "TA"]
[PlyCount "66"]
[EventDate "2018.08.15"]
[EventType "swiss"]
[EventCountry "RUS"]
[SourceTitle "playchess.com"]
[Source "ChessBase"]
[SourceQuality "1"]

{[%evp 9,66,-5,4,0,0,0,0,2,7,-57,-62,-95,-100,-84,-66,-81,-84,-89,-104,-94,-71,-140,-65,-70,-33,-24,-26,-50,-19,-29,0,-24,-17,-37,-37,-50,0,-36,-22,-101,-102,-119,-128,-76,-84,-97,-69,-143,-147,-454,-454,-474,-470,-463,-432,-1217,-1180,-1356,-1365]} 1. d4 e6 2. e4 d5 3. exd5 exd5 4. Nf3 Nf6 5. Bg5 h6 {LiveBook: 9 Games} 6. Qe2+ {C01: French: Exchange Variation} Be6 7. Bxf6 Qxf6 8. Qb5+ {The position is equal.} Nd7 9. Qxb7 (9. Nc3 $11) 9... Rb8 $15 10. Qa6 $146 ({Predecessor:} 10. Qxc7 Bg4 11. Qg3 Bxf3 12. Qxf3 Qxf3 13. gxf3 Rxb2 {1-0 (41) Totsky,L (2450)-Alavkin,A (2265) Kazan 1995}) 10... Rxb2 11. Bb5 Bd6 (11... Rxc2 $6 12. O-O $14) 12. O-O O-O (12... Rxc2 $6 13. Qc8+ Qd8 14. Qb7 $11) 13. Nbd2 g5 {aiming for ...g4.} 14. Bxd7 Bxd7 15. Qxa7 ({White should try} 15. Qa5) 15... g4 {[#]} (15... Bc6 $1 $17 16. Qa5 Rxc2) 16. Ne5 $1 {[%cal Re5d7][%mdl 512]} Bxe5 17. dxe5 Qxe5 18. Qc5 Rb5 19. Qa3 Bf5 20. Rfe1 Qf6 21. Qg3 Rc5 22. Nf1 h5 ({Reject} 22... Rxc2 $6 23. Ne3 $14) 23. Re5 Bg6 $36 {[%mdl 2048] Black has the initiative.} ({Don't play} 23... Bxc2 $6 24. Rc1 $14) 24. Ne3 {[#]} (24. c3 $11 {keeps the balance.}) 24... Kg7 $1 $17 {Strongly threatening ...h4.} 25. h4 {[#]} Re8 $1 {[%mdl 512]} 26. Rxe8 Qxa1+ 27. Kh2 {Threatens to win with Qf4.} d4 {[%cal Bd5d4,Bd4d3,Bd3d2][%mdl 32]} 28. Re5 {[#]} (28. Nc4 $1 $15 Qxa2 29. Ne5) 28... Qc3 $1 ({And not} 28... Rc3 29. Rd5 $16) 29. Nf5+ $2 {[%mdl 8192]} (29. Rxc5 $17 Qxc5 30. Nf1) 29... Bxf5 $19 {Black is clearly winning.} 30. Qxc3 Rxc3 31. Rxf5 Rxc2 32. Rxh5 (32. Rd5 $142 Rxf2 33. a4) 32... d3 33. Rd5 d2 {Precision: White = 35%, Black = 67%.} 0-1

[Event "V. Korchnoy Memorial 2018"]
[Site "St. Petersburg"]
[Date "2018.08.16"]
[Round "2"]
[White "Maletina, Tatiana"]
[Black "Fedorov, Alexei"]
[Result "0-1"]
[WhiteElo "2231"]
[BlackElo "2561"]
[Annotator "TA"]
[PlyCount "70"]
[EventDate "2018.08.15"]
[EventType "swiss"]
[EventCountry "RUS"]
[SourceTitle "playchess.com"]
[Source "ChessBase"]
[SourceQuality "1"]

{[%evp 23,70,33,41,55,74,0,12,4,12,-32,-6,-22,-25,-21,-20,-25,-34,-34,-25,-24,0,-96,-114,-380,-347,-358,-230,-238,-229,-443,-457,-841,-822,-883,-877,-1101,-1903,-1543,-994,-1475,-1294,-1883,-1778,-29987,-29988,-29988,-29989,-29989,-29990]} 1. d4 Nf6 2. c4 g6 3. f3 Bg7 4. e4 d6 5. Nc3 O-O 6. Be3 e5 7. d5 Nh5 8. Qd2 Nd7 9. Bd3 a6 10. Nge2 f5 11. O-O-O Nc5 {E87: King's Indian: Sämisch: 6...e5 7 d5} 12. Bc2 b5 {LiveBook: 11 Games} 13. exf5 (13. b4 Nd7 14. c5 a5 15. c6 axb4 16. Nxb5 Ndf6 17. Qxb4 fxe4 18. a4 exf3 19. gxf3 e4 20. fxe4 Ng4 21. Bd4 Nf2 22. Bxg7 Nxg7 23. Nec3 Nxh1 24. Rxh1 Rf7 25. h4 Nh5 26. e5 {½-½ (26) Simonovic,A (2357)-Popovic,D (2492) Kraljevo 2015}) 13... gxf5 {White is slightly better.} 14. Rhg1 (14. cxb5 $16 axb5 15. Bxc5 dxc5 16. Nxb5) 14... bxc4 $11 15. Bxc5 $146 ({Predecessor:} 15. g4 Nd3+ 16. Bxd3 cxd3 17. gxh5 dxe2 18. Rde1 Kf7 19. Bg5 Bf6 20. Rxe2 {0-1 (28) Travnik,P (2305)-Postupa,P (1920) Czechia 2002}) 15... dxc5 16. Qe3 Rb8 17. Qxc5 Qd6 18. Qxc4 Bd7 {[#] White must now prevent ...Rb4.} 19. g4 Rb4 20. Qd3 e4 $1 $36 {[%cal Re4d3][%mdl 2048] Black is more active.} 21. fxe4 fxg4 {aiming for ...Rf3.} 22. Bb3 (22. a3 $11 Rbb8 23. e5 Qh6+ 24. Kb1 Bxe5 25. Nd4) 22... a5 {[%cal Ba6a5,Ba5a4][%mdl 32]} 23. h3 $2 {[%mdl 8192] [#]} (23. Rgf1 $17) 23... a4 $19 24. Bc2 {White wants to play a3.} Nf4 ({Worse is} 24... gxh3 25. a3 $15) 25. Nxf4 Qxf4+ 26. Rd2 $2 (26. Qd2 {was the only defense.} a3 27. Bb3 Qxd2+ 28. Rxd2) 26... Rd4 27. Qe2 (27. Ne2 $142 Rxd3 28. Nxf4 Rxd2 29. Kxd2 Rxf4 30. hxg4) 27... Bh6 {[%cal Rd4d2]} 28. Nb1 Qf2 29. Rg2 Qxe2 30. Rgxe2 gxh3 {[%cal Bg4h3,Bh3h2][%mdl 32]} 31. Bd1 Bg4 32. Rh2 Rf1 33. Nc3 Rxd2 {Black mates.} 34. Rxd2 Bxd1 35. Nxd1 h2 {Precision: White = 20%, Black = 91%.} 0-1

[Event "V. Korchnoy Memorial 2018"]
[Site "St. Petersburg"]
[Date "2018.08.16"]
[Round "2"]
[White "Nebolsina, Vera"]
[Black "Zakhartsov, Viacheslav V"]
[Result "1/2-1/2"]
[WhiteElo "2229"]
[BlackElo "2544"]
[Annotator "TA"]
[PlyCount "82"]
[EventDate "2018.08.15"]
[EventType "swiss"]
[EventCountry "RUS"]
[SourceTitle "playchess.com"]
[Source "ChessBase"]
[SourceQuality "1"]

{[%evp 27,82,-11,-7,-7,-10,-7,-10,-13,-2,-11,0,0,0,0,0,0,0,0,0,0,0,0,0,0,0,0,0,0,0,0,0,0,0,0,0,0,0,0,0,0,0,0,0,0,0,0,0,0,0,0,0,0,0,0,0,0,0]} 1. e4 c5 {[%cal Bc7c5,Bc5d4][%mdl 32]} 2. c3 Nf6 3. e5 Nd5 4. Nf3 Nc6 5. d4 cxd4 6. Bc4 Nb6 7. Bb3 d5 8. exd6 Qxd6 9. O-O Be6 10. Nxd4 {B22: Sicilian: 2 c3} (10. Na3 dxc3 11. Qe2 Bxb3 12. Nb5 Qb8 13. axb3 e5 14. bxc3 Be7 15. Be3 Nd7 16. Rfd1 a6 17. Na3 Qc7 18. Nb5 Qb8 19. Na3 Bxa3 20. Rxa3 Qc7 21. Nh4 g6 22. Ra2 {0-1 (40) Vachier Lagrave,M (2811)-Ivanchuk,V (2733) Novi Sad 2016}) 10... Nxd4 11. cxd4 Bxb3 12. Qxb3 e6 13. Nc3 Qb4 14. d5 Qxb3 {LiveBook: 3 Games. The position is equal.} 15. axb3 Nxd5 16. Nxd5 exd5 17. Rd1 Be7 18. Rxd5 O-O 19. Be3 Rfd8 20. Rxa7 Rxa7 21. Rxd8+ Bxd8 22. Bxa7 $11 {[%mdl 4096] Endgame KB-KB} Bf6 $146 ({Predecessor:} 22... f5 23. Kf1 {½-½ (23) Lavrov,M (2374)-Bocharov,I (2463) Berdsk 2010}) 23. Bc5 Bxb2 24. Kf1 f5 25. Ke2 Kf7 26. Kd3 Be5 27. h3 b5 28. Bd4 Bc7 29. Bc5 Ke6 30. Kc3 Ba5+ 31. Kd4 Be1 32. Kd3 Kd5 33. Bb6 Bb4 34. f3 h5 35. Bd4 g6 36. Bf6 Bd6 37. Bb2 Bc5 38. Bf6 Bd6 39. Bb2 Bb4 40. Bf6 Bc5 41. Bb2 Bd6 {Precision: White = 93%, Black = 82%.} 1/2-1/2

[Event "V. Korchnoy Memorial 2018"]
[Site "St. Petersburg"]
[Date "2018.08.16"]
[Round "2"]
[White "Shafigullina, Zarina"]
[Black "Pourramezanali, Amirreza"]
[Result "1/2-1/2"]
[WhiteElo "2229"]
[BlackElo "2535"]
[Annotator "TA"]
[PlyCount "132"]
[EventDate "2018.08.15"]
[EventType "swiss"]
[EventCountry "RUS"]
[SourceTitle "playchess.com"]
[Source "ChessBase"]
[SourceQuality "1"]

{[%evp 17,132,0,0,-9,-14,-8,0,0,0,2,12,15,3,-4,25,0,24,0,19,9,10,15,27,-31,20,-28,0,-54,-70,-72,-14,-17,-17,-17,-17,-17,-17,-12,-13,-32,-30,-52,-42,-50,-16,-78,-32,-94,-92,-68,-98,-157,-39,-39,-39,-44,-38,-39,-6,-6,0,-5,0,0,0,0,0,-19,-19,-19,-19,-19,-19,-34,0,-8,-8,-8,-8,-8,0,0,0,0,0,0,0,0,0,0,0,0,0,0,0,0,0,0,0,0,0,0,0,0,0,0,0,0,8,8,8,8,22,0,0,0,49]} 1. d4 g6 2. Nf3 Bg7 3. g3 c5 4. d5 d6 5. Bg2 b5 6. O-O Nf6 7. Nfd2 {A43: Schmid Benoni} (7. Re1 O-O 8. a4 b4 9. c4 a5 10. e4 e5 11. dxe6 Bxe6 12. Bf4 Ra6 13. Nbd2 Nh5 14. Bg5 Qc7 15. Qc1 {0-1 (67) Meskovs,N (2536)-Kovalenko,I (2642) Batumi 2018}) 7... O-O 8. c4 bxc4 9. Nxc4 Nbd7 {LiveBook: 4 Games} 10. Bd2 Nb6 11. Nxb6 $146 ({Predecessor:} 11. Nba3 Rb8 12. Bc3 Ba6 13. Na5 Qd7 14. Re1 Na4 15. Nc6 Nxc3 16. Nxb8 Nxd1 17. Nxd7 Nxd7 18. Raxd1 Bxb2 {0-1 (32) Lebredo Zarragoitia,G (2395)-Matamoros Franco,C (2395) Camaguey 1987}) 11... Qxb6 12. Bc3 Ba6 13. Nd2 Nd7 14. Bxg7 Kxg7 15. b3 Rfc8 16. Re1 Rab8 17. Nf3 Qa5 18. e4 Ne5 19. Nxe5 dxe5 20. f4 (20. a3 $11) 20... Qc7 ({Black should play} 20... exf4 $15 21. gxf4 Qb6) 21. Bf1 c4 22. Qc1 (22. Bh3 $11) 22... Qb6+ $15 23. Qe3 Qxe3+ (23... exf4 $1 $17 24. gxf4 c3) 24. Rxe3 $11 cxb3 25. axb3 Bxf1 26. Kxf1 exf4 27. gxf4 $17 {[%mdl 4096] Endgame KRR-KRR} Rb7 28. Rd1 Rc2 29. h3 Rb2 30. Rdd3 Rb4 31. Ke1 (31. Rc3 $11) 31... Kf8 32. Rc3 {[#]} (32. e5 $15) 32... a5 $1 33. Rc8+ Kg7 34. Rcc3 {[#]} (34. Ra8 $142) 34... a4 ({Better is} 34... Rh2 $1 $17 {Strongly threatening ...a4.} 35. Kd1 a4) 35. bxa4 $15 Rxa4 {( -> ...Ra1+)} 36. Ra3 Rab4 37. Rad3 Kh6 38. Rd2 Rb1+ 39. Kf2 Rc4 40. Kg3 Rbb4 41. e5 Rxf4 42. Red3 Rfe4 43. d6 exd6 44. exd6 {Hoping for d7.} Rb8 45. Rc2 {d7 is the strong threat.} Ree8 46. Rc7 {The position is equal.} Kg7 47. Rf3 Rf8 48. Re7 Rb6 49. Rd3 Rd8 50. Rf3 $1 {[%cal Rf3f7]} Rf8 51. Rd3 h6 52. Kg4 Rd8 53. Rf3 Rf8 54. Rd3 Ra6 55. Kg3 Rd8 56. Rf3 Rf8 57. Rd3 h5 58. h4 Rd8 59. Rf3 Rf8 60. Rd3 Rb6 61. Kh3 Rb5 62. d7 {aiming for Re8.} Rbb8 63. Rf3 Ra8 64. Kg3 Rab8 65. Kh3 Ra8 66. Kg3 Rab8 {Precision: White = 55%, Black = 53%.} 1/2-1/2

[Event "V. Korchnoy Memorial 2018"]
[Site "St. Petersburg"]
[Date "2018.08.17"]
[Round "3"]
[White "Mchedlishvili, Mikheil"]
[Black "Vokhidov, Shamsiddin"]
[Result "1/2-1/2"]
[WhiteElo "2608"]
[BlackElo "2412"]
[Annotator "TA"]
[PlyCount "95"]
[EventDate "2018.08.15"]
[EventType "swiss"]
[EventCountry "RUS"]
[SourceTitle "playchess.com"]
[Source "ChessBase"]
[SourceQuality "1"]

{[%evp 12,95,26,17,95,86,95,95,97,91,94,88,96,97,96,93,97,99,128,93,104,97,120,107,108,101,108,110,112,110,107,106,130,112,153,144,155,136,150,152,147,152,151,118,120,106,93,102,112,99,121,116,113,75,87,83,86,72,104,100,103,14,15,27,21,20,32,32,32,51,110,110,110,110,110,110,106,98,99,0,0,0,0,0,0,0]} 1. d4 Nf6 2. c4 e6 3. Nf3 d5 4. Nc3 c5 5. cxd5 cxd4 6. Qxd4 exd5 7. Bg5 {LiveBook: 46 Games. Hoping for Bxf6. D41: Queen's Gambit Declined: Semi-Tarrasch with 5 cxd5} (7. e4 Nc6 8. Bb5 dxe4 9. Qxd8+ Kxd8 10. Ng5 Be6 11. O-O Bb4 12. Ncxe4 Nxe4 13. Nxe4 Ke7 14. Bxc6 bxc6 15. Be3 Bd5 {1-0 (51) Mamedyarov,S (2808)-So,W (2778) Paris 2018}) 7... Nc6 (7... Be7 $11) 8. Bxf6 $1 $16 Nxd4 9. Bxd8 {White is better.} Nxf3+ ({But not} 9... Nc2+ $2 10. Kd2 $16) 10. exf3 Kxd8 11. O-O-O Bd7 $146 ({Predecessor:} 11... Be6 12. Bc4 Kc7 13. Bxd5 Bb4 14. Kc2 Rhd8 15. Bxe6 fxe6 16. Rxd8 Rxd8 {1-0 (44) Baumann,D (2133)-Bertel,M (1855) IECC email 2008}) 12. Bb5 Bc6 13. Bc4 ({Reject} 13. Nxd5 Bxb5 14. Nb6+ Bd6 $1 $11 {[%mdl 512]}) 13... Kc7 14. Bxd5 Bxd5 15. Rxd5 Be7 16. Rf5 Rhf8 17. Nd5+ Kd7 18. Rd1 Rac8+ 19. Kb1 {Black must now prevent Nb6+.} Bd6 20. Rg5 Rg8 21. Nc3 Kc6 22. Rgd5 Bb4 23. Rd7 Bxc3 24. bxc3 {[%mdl 4096] Endgame KRR-KRR} Rgf8 25. R1d6+ Kc5 26. Rd4 Kc6 27. Re7 Rce8 28. Rdd7 Rxe7 29. Rxe7 {KR-KR} a5 30. Kc2 b6 31. f4 g6 32. g4 Kd6 33. Ra7 h5 34. h3 {[%cal Bh2h3,Bh3g4,Bg4g5,Bg5g6][%mdl 32]} hxg4 35. hxg4 Kc5 36. Kb3 (36. g5 $16) 36... f5 $11 37. g5 Re8 38. Rg7 Re4 39. Rxg6 {Rg8 is the strong threat.} Rxf4 40. Rg8 {Threatens to win with g6.} a4+ ({Black should try} 40... Kd5 $14) 41. Ka3 $16 {Strongly threatening g6.} Kd6 {[#]} 42. g6 $1 Ke7 43. Rb8 {And now g7 would win.} Kf6 44. Rxb6+ Kg7 45. Rd6 (45. Rb2 $16) 45... Rxf2 $11 {The position is equal.} 46. Kxa4 Rxa2+ 47. Kb5 f4 48. c4 {Precision: White = 80%, Black = 61%.} 1/2-1/2

[Event "V. Korchnoy Memorial 2018"]
[Site "St. Petersburg"]
[Date "2018.08.17"]
[Round "3"]
[White "Stupak, Kirill"]
[Black "Nikitenko, Mihail"]
[Result "1-0"]
[WhiteElo "2573"]
[BlackElo "2374"]
[Annotator "TA"]
[PlyCount "145"]
[EventDate "2018.08.15"]
[EventType "swiss"]
[EventCountry "RUS"]
[SourceTitle "playchess.com"]
[Source "ChessBase"]
[SourceQuality "1"]

{[%evp 20,145,56,38,47,25,42,0,0,-2,12,-17,-18,-22,-27,-30,-29,-29,0,13,31,20,27,0,0,-67,-34,-35,-14,-15,0,0,-11,0,0,-15,0,-26,14,-5,0,-13,12,0,42,36,58,26,51,0,0,0,0,0,0,0,301,293,320,353,353,353,353,350,353,353,353,353,353,343,353,353,353,353,346,337,541,537,406,394,512,492,650,608,548,387,357,341,1389,569,29965,29967,29962,29948,9793,5963,5929,5700,5575,937,4133,393,383,379,341,354,581,573,447,540,694,658,727,721,701,0,418,0,701,693,660,660,2135,1469,5181,5097,5097,5097]} 1. c4 e5 2. g3 Nf6 3. Bg2 d5 4. cxd5 Nxd5 5. Nc3 Nb6 6. e3 Be7 {A22: English Opening: 1...e5 2 Nc3 Nf6} (6... Nc6 7. Nge2 h5 8. d4 h4 9. d5 Ne7 10. e4 hxg3 11. hxg3 Rxh1+ 12. Bxh1 Ng8 13. Be3 Nf6 14. Qc2 {0-1 (57) Ponkratov,P (2613)-Karjakin,S (2760) Riadh 2017}) 7. Nge2 Nc6 8. O-O O-O 9. f4 exf4 10. Nxf4 Ne5 11. d4 {LiveBook: 22 Games} Ng6 12. Nxg6 hxg6 13. e4 c5 14. d5 Nc4 $146 15. Bf4 Bf6 16. Qe2 Ne5 17. h3 Re8 18. Rad1 a6 19. d6 Bd7 20. Qf2 Rc8 21. Rd5 Bc6 22. Rdd1 (22. Bxe5 $11 Rxe5 23. Rxe5 Bxe5 24. Qxf7+ Kh7 25. Qe6 Bxg3 26. Rf3) 22... Qd7 (22... c4 $5 {[%cal Re5d3]} 23. Bxe5 Rxe5 $15) 23. Nd5 Bxd5 24. Rxd5 c4 25. h4 Rc6 26. Qd2 b5 27. Kh2 Ng4+ 28. Kh1 Ne5 29. Kh2 Ng4+ 30. Kg1 Ne5 31. Rd1 b4 ({But not} 31... Nd3 $6 32. e5 $1 $16 {[%mdl 512]}) 32. Qxb4 {Black must now prevent Qa4.} Qa7+ 33. Kh1 Ng4 $1 34. R5d2 ({Better is} 34. Rf1 $1 $14 Qd7 35. Qa3) 34... c3 $1 $11 {[%cal Rc3d2]} 35. bxc3 Bxc3 36. d7 Rd8 37. Qe7 $36 {[%mdl 2048] White has some pressure.} Bf6 $2 {[%mdl 8192]} (37... Bxd2 $11 38. Qxd8+ Kh7) 38. Qe8+ $1 $18 Kh7 {intending ...Nf2+.} 39. e5 Re6 40. Qxf7 ({Avoid the trap} 40. exf6 $2 Rexe8 41. dxe8=N Rxe8 $19) 40... Re7 41. Qc4 Nxe5 42. Bxe5 Rxe5 43. Qg4 Qe3 44. Rd3 Qh6 45. Be4 Qh5 46. Qxh5+ Rxh5 47. Rd5 Kh6 $2 (47... Rxd5 {was necessary.} 48. Bxd5 g5) 48. Rxh5+ Kxh5 {[%mdl 4096] Endgame KRB-KRB} 49. Kg2 g5 50. Rd5 Kh6 51. hxg5+ Bxg5 52. Rd6+ Bf6 53. Kf3 a5 $2 (53... Kg5 54. Kg2 a5) 54. Kg4 (54. g4 $142 Rf8 55. Kg3) 54... a4 55. a3 Rb8 56. Bd3 Rd8 57. Bc2 Ra8 58. Bf5 Rd8 59. Ra6 (59. Bd3 $142 Rh8 60. Bb1) 59... Rb8 {[#]} 60. Rxa4 $2 (60. Bb1 $1 {[%mdl 512]} Rd8 (60... Rxb1 61. d8=Q) 61. Rd6) 60... g6 61. Ra6 Kg7 62. Be4 Kf7 $2 (62... Rd8 63. Bc6 Kf7) 63. Bd5+ Kg7 64. Re6 Rb5 65. Bc6 Rb8 66. Re8 Rb6 67. Re6 $2 ({Only move:} 67. Rc8 $18 {And now a4 would win.} Rb3 68. d8=Q Bxd8 69. Rxd8) 67... Bd8 $2 {[%mdl 8192]} (67... Rb8 $1 $11 {and Black has nothing to worry.} 68. a4 Bd8) 68. Re8 (68. a4 $142) 68... Bf6 69. Rc8 {White is clearly winning.} Kh6 70. a4 {[%cal Ba3a4,Ba4a5,Ba5a6][%mdl 32]} Ra6 71. Bb5 Rd6 72. a5 Rd5 73. a6 {Precision: White = 59%, Black = 42%.} 1-0

[Event "V. Korchnoy Memorial 2018"]
[Site "St. Petersburg"]
[Date "2018.08.17"]
[Round "3"]
[White "Fedorov, Alexei"]
[Black "Nesterov, Arseniy"]
[Result "1-0"]
[WhiteElo "2561"]
[BlackElo "2355"]
[Annotator "TA"]
[PlyCount "57"]
[EventDate "2018.08.15"]
[EventType "swiss"]
[EventCountry "RUS"]
[SourceTitle "playchess.com"]
[Source "ChessBase"]
[SourceQuality "1"]

{[%evp 22,57,18,18,18,18,18,18,19,19,22,6,114,113,132,110,471,475,450,440,434,370,347,339,356,366,646,619,847,893,871,875,866,584,845,821,29996,29997]} 1. e4 e6 2. d4 d5 3. Nc3 Bb4 4. e5 c5 5. a3 Bxc3+ 6. bxc3 Qa5 7. Bd2 Qa4 8. Qb1 c4 9. Ne2 {C18: French: 3 Nc3 Bb4: Main line: 7 h4 and 7 Qg4} (9. h4 f6 10. Nf3 Nc6 11. Bf4 Qa5 12. Qb2 Bd7 13. g3 Nge7 14. h5 O-O-O 15. Bh3 g5 16. exf6 gxf4 17. fxe7 {½-½ (44) Kobalia,M (2599)-Andreikin,D (2712) Moscow 2018}) 9... Nc6 10. Nf4 Bd7 11. Be2 {[%cal Bf1e2,Be2g4,Bg4h3][%mdl 32]} O-O-O 12. O-O {LiveBook: 7 Games} Nge7 13. Nh5 Rhg8 14. Bg4 Rdf8 15. Re1 Nd8 16. Bh3 $146 ({Predecessor:} 16. Bg5 Nec6 {0-1 (51) Zarubitski,V (2321)-Stupak,K (2562) Minsk 2017}) 16... f5 (16... Ndc6 $11 {keeps the balance.}) 17. exf6 $1 $16 gxf6 {[#]} 18. Qb4 $1 $36 {[%cal Rb4e7][%mdl 2048] White is in control.} Qxc2 $2 {[%mdl 8192] [#]} (18... Qxb4 $16 {is tougher.} 19. axb4 a6) 19. Bf4 $1 $18 ({Weaker is} 19. Qxe7 Qxd2 20. Nxf6 Rxf6 $16) 19... Ng6 20. Qc5+ Nc6 21. Rxe6 Nxf4 22. Nxf4 {And now Rxc6+ would win.} f5 23. Re3 ({Less strong is} 23. Qxd5 Bxe6 24. Nxe6 Rf7 $16) 23... Re8 $2 (23... Qb2 24. Rae1 Qb6 25. Qxd5 Qc7) 24. Nxd5 {Threatening mate with Qd6.} Rxe3 25. Qd6 {[%csl Gd5][%cal Rd6c7]} Kd8 26. fxe3 Rg6 27. Qf8+ Be8 {If only Black now had time for ...Qe4....} 28. Nf6 Qxc3 29. Qd6+ {Precision: White = 89%, Black = 23%.} 1-0